000 00362nam a2200157Ia 4500
008 241014s9999||||xx |||||||||||||| ||und||
020 _a9781857881271
060 _aHD 31 M 1996
100 _aMorrison, Ian
245 4 _aThe Second Curve
250 _a1996
260 _aLondon
_bNB Publishing
300 _a272
650 _aManagement
942 _bIBHM
_cBK
999 _c16392
_d16392